| 000 | 00466nam a22001697a 4500 | ||
|---|---|---|---|
| 005 | 20230116095701.0 | ||
| 008 | 220210b ||||| |||| 00| 0 eng d | ||
| 020 | _a978-81-90093-51-6 | ||
| 041 | _aeng | ||
| 082 | _a547.3 | ||
| 100 |
_aPRAJAPATI, DR. HETAL R. AND VAGHELA, VIPUL M. _97057 |
||
| 245 | _aPRACTICAL MANUAL OF QUALITATIVE ORGANIC ANALYSIS | ||
| 260 |
_aPUNE _bNIRALI PRAKASHAN |
||
| 300 | _a9.23;p | ||
| 650 |
_aPHARMACY _xB.PHARMA _97083 |
||
| 942 | _cBK | ||
| 999 |
_c7907 _d7905 |
||